Vista normal
Vista MARC
Entrada Personal Name
Número de registros utilizados en: 1
001 - CONTROL NUMBER
- control field: 8479
003 - CONTROL NUMBER IDENTIFIER
- control field: OSt
005 - DATE AND TIME OF LATEST TRANSACTION
- control field: 20200806113015.0
008 - FIXED-LENGTH DATA ELEMENTS
- fixed length control field: 200806|| aca||aabn | a|a d
040 ## - CATALOGING SOURCE
- Original cataloging agency: OSt
- Transcribing agency: OSt
100 ## - HEADING--PERSONAL NAME
- Personal name: Allan Schott, Paul
670 ## - SOURCE DATA FOUND
- Source citation: Work cat.: (OSt)5976: Allan Schott, Paul, autor, Guía de referencia para el antilavado de activos y la lucha contral el financiamiento del terrorismo /, 2007.